Statistics for Scottish Football Clubs with EE

Click here to take the quiz!

General Stats

  • This quiz has been taken 98 times
  • The average score is 4 of 6

Answer Stats

Answer% Correct
Dundee FC
96%
Dundee United FC
95%
Aberdeen FC
90%
Queen Of The South FC
63%
Queen's Park FC
59%
Greenock Morton FC
39%

Score Distribution

Percentile by Number Answered

Percent of People with Each Score

Your Score History

You have not taken this quiz